| 000 | 00542nam a2200169 i 4500 | ||
|---|---|---|---|
| 001 | 133907 | ||
| 003 | ES-MaACL | ||
| 007 | t| | ||
| 008 | 070903s1975 sp ||||1| spa d | ||
| 100 | 1 |
_aWall, W. D. _9115943 |
|
| 245 | 1 | 0 |
_aAvances en psicología de la educación / _cW. D. Wall y V. P. Varma ; [versión de Luis Echevarría Rivera]. |
| 260 |
_aMadrid : _bMorata, _c[1975] |
||
| 300 |
_a247 p. ; _c21 cm. |
||
| 700 | 1 |
_aVarma, V. P. _9113236 |
|
| 700 | 1 |
_aEchevarría Rivera, Luis Eduardo. _946564 |
|
| 852 |
_aES-MaACL _jE-7869 _bR.92373 |
||
| 999 |
_c133907 _d133907 |
||